| 000 | 00427nam a2200181Ia 4500 | ||
|---|---|---|---|
| 001 | 15372 | ||
| 005 | 20260306170151.0 | ||
| 008 | 260306t2015||||xx |||||||||||||| ||und|| | ||
| 041 | _aESP | ||
| 082 |
_a536.7 _bS45 |
||
| 100 |
_aSeverns, W. H. _eAUT |
||
| 245 | 0 | _aEnergía mediante vapor, aire o gas | |
| 260 | _c2015 | ||
| 300 |
_a503 páginas : _c21 cm. |
||
| 650 | _aGEN | ||
| 654 | _aCCN | ||
| 942 |
_cLIB _dJUS _fJUS _2ddc _n |
||
| 999 |
_c15372 _d15372 |
||